Frankenstein /
Frankenstein; or, The Modern Prometheus, generally known as Frankenstein, is a novel written by the British author Mary Shelley. The title of the novel refers to a scientist, Victor Frankenstein, who learns how to create life and creates a being in the likeness of man, but larger than average and mo...
Uloženo v:
| Hlavní autor: | |
|---|---|
| Médium: | E-kniha |
| Jazyk: | Czech |
| Vydáno: |
Praha :
Saga Egmont,
2020
|
| Tagy: |
Žádné tagy |
| LEADER | 01774nam a22002297i 4500 | ||
|---|---|---|---|
| 001 | 312044 | ||
| 007 | ta | ||
| 008 | 260601s2020 xr ||||| |||| 00| 0 cze d | ||
| 020 | |a 9990003825506 | ||
| 044 | |a xr | ||
| 100 | 1 | |a Shelley, Mary |4 aut | |
| 245 | 1 | 0 | |a Frankenstein / |c Shelley, Mary |
| 264 | 1 | |a Praha : |b Saga Egmont, |c 2020 | |
| 300 | |a 1 online zdroj (280 stran) | ||
| 336 | |a text |b txt |2 rdacontent | ||
| 337 | |a bez média |b n |2 rdamedia | ||
| 338 | |a online zdroj |b cr |2 rdacarrier | ||
| 520 | 2 | |a Frankenstein; or, The Modern Prometheus, generally known as Frankenstein, is a novel written by the British author Mary Shelley. The title of the novel refers to a scientist, Victor Frankenstein, who learns how to create life and creates a being in the likeness of man, but larger than average and more powerful. In popular culture, people have tended to refer to the Creature as "Frankenstein", despite this being the name of the scientist. Frankenstein is a novel infused with some elements of the Gothic novel and the Romantic movement. It was also a warning against the "over-reaching" of modern man and the Industrial Revolution, alluded to in the novel's subtitle, The Modern Prometheus. The story has had an influence across literature and popular culture and spawned a complete genre of horror stories and films. It is arguably considered the first fully realized science fiction novel. | |
| 910 | |a RBIT002 | ||
| 998 | |d 382550 |a https://core.palmknihy.cz/api/books/382550/cover?s0mko9 |b https://core.palmknihy.cz/api/books/382550/cover/400?s0mko9 |c https://core.palmknihy.cz/api/books/382550/cover/50?s0mko9 |e |g 280 |i 9990003825506 |j https://core.palmknihy.cz/api/books/382550/preview.epub |l |q 49 |r 1 |s https://www.palmknihy.cz/kniha/382550 |t ebook |y 2020 |z 1 | ||
| 999 | |d 312042 | ||